Statistics for Video game quiz

Click here to take the quiz!

General Stats

  • This quiz has been taken 13 times
  • The average score is 11 of 15

Answer Stats

HintAnswer% Correct
the currency is "robux"roblox
100%
susamong us
83%
Most boys play this violent FPS gameCall of duty
83%
this games opening theme makes men cry and the main character is master chiefHalo
83%
japanese game with an italian plumbermario
83%
Think of herobrineMinecraft
83%
the main character is freddy fazbearfnaf
75%
9 year olds play it nowfortnite
75%
YOU PICKED THE WRONG HOUSE FOOLGTA
75%
This western high graphic cowboy game has a really long and great story modeRed dead redemption
75%
super hi quality online racing gameforza
67%
This is an online pirate game created by the company "Rare"Sea of Thieves
67%
Car soccerRocket League
58%
this peaceful nintendo game is very bright and joyful and can take up to 420 hours to completely finishanimal crossing
50%
the person who this football game was inspired by was the coach of the Raidersmadden
50%

Score Distribution

Percentile by Number Answered

Percent of People with Each Score

Your Score History

You have not taken this quiz